[Event "San Francisco TNM Winter op"]
[Site "San Francisco"]
[Date "2015.02.03"]
[Round "5"]
[White "Nagle, Michael P"]
[Black "Chalissery, Jossy"]
[Result "1/2-1/2"]
[WhiteElo "1465"]
[BlackElo "1706"]
[PlyCount "114"]
[EventDate "2015.01.06"]
[EventType "swiss"]
[EventRounds "8"]
[EventCountry "USA"]
[SourceTitle "EXT 2016"]
[Source "ChessBase"]
[SourceDate "2015.10.08"]
[SourceVersion "1"]
[SourceVersionDate "2015.10.08"]
[SourceQuality "1"]

1. e4 d5 2. exd5 Qxd5 3. Nc3 Qa5 4. d4 c6 5. Bd2 Bf5 6. Bc4 e6 7. Nf3 Nd7 8. 0-0 Ngf6 9. Re1 Qc7 10. d5 cxd5 11. Bxd5 Nxd5 12. Nxd5 Qc6 13. Bf4 0-0-0 14. Ne3 Nf6 15. Qe2 Nd5 16. Nxd5 Rxd5 17. Ne5 Qa4 18. Qc4+ Qxc4 19. Nxc4 f6 20. Ne3 Rb5 21. Nxf5 Rxf5 22. Be3 a6 23. Rad1 Be7 24. Rd2 Rb5 25. b3 Bb4 26. c3 Ba5 27. Red1 Rd8 28. Rxd8+ Bxd8 29. Kf1 Be7 30. Ke2 Re5 31. Rd3 Bc5 32. Kd2 Bxe3+ 33. Rxe3 Rxe3 34. Kxe3 Kc7 35. Kd4 Kd6 36. c4 e5+ 37. Kc3 e4 38. Kd4 f5 39. b4 b6 40. f3 exf3 41. gxf3 f4 42. a4 g5 43. Ke4 Ke6 44. c5 bxc5 45. bxc5 a5 46. h4 h6 47. hxg5 hxg5 48. c6 Kd6 49. Kf5 Kxc6 50. Kxg5 Kc5 51. Kxf4 Kb4 52. Kg5 Kxa4 53. f4 Kb3 54. f5 a4 55. f6 a3 56. f7 a2 57. f8Q a1Q 1/2-1/2

[Event "San Francisco TNM Fall op"]
[Site "San Francisco"]
[Date "2014.11.18"]
[Round "4"]
[White "Nagle, Michael P"]
[Black "Otterbach, Renate"]
[Result "1-0"]
[WhiteElo "1448"]
[BlackElo "1044"]
[PlyCount "57"]
[EventDate "2014.10.21"]
[EventType "swiss"]
[EventRounds "8"]
[EventCountry "USA"]
[SourceTitle "EXT 2016"]
[Source "ChessBase"]
[SourceDate "2015.10.08"]
[SourceVersion "1"]
[SourceVersionDate "2015.10.08"]
[SourceQuality "1"]

1. e4 e6 2. d4 d5 3. Nc3 c5 4. Be3 Qb6 5. dxc5 Qxb2 6. Nb5 Na6 7. exd5 exd5 8. Bd3 Qe5 9. Nf3 Qe6 10. 0-0 Nf6 11. Re1 Be7 12. Ng5 Qc6 13. Nd6+ Bxd6 14. cxd6 0-0 15. Bf4 Nc5 16. Rb1 b6 17. Bb5 Qb7 18. Re7 Qb8 19. Qf3 Ncd7 20. Bc6 Rd8 21. Bxa8 Qxa8 22. Rbe1 Bb7 23. Qh3 h6 24. Nxf7 Re8 25. Rxe8+ Nxe8 26. Qxd7 Nf6 27. Qd8+ Kxf7 28. Qxa8 Bxa8 29. Re7+ 1-0

[Event "San Francisco TNM Summer op"]
[Site "San Francisco"]
[Date "2014.07.01"]
[Round "6"]
[White "Sherwood, Peter"]
[Black "Nagle, Michael P"]
[Result "0-1"]
[WhiteElo "1797"]
[BlackElo "1402"]
[PlyCount "106"]
[EventDate "2014.05.27"]
[EventType "swiss"]
[EventRounds "8"]
[EventCountry "USA"]
[SourceTitle "EXT 2016"]
[Source "ChessBase"]
[SourceDate "2015.10.08"]
[SourceVersion "1"]
[SourceVersionDate "2015.10.08"]
[SourceQuality "1"]

1. e4 e5 2. Nf3 Nc6 3. Bb5 a6 4. Ba4 Nf6 5. 0-0 Be7 6. Re1 0-0 7. c3 b5 8. Bc2 Bb7 9. d4 d6 10. Nbd2 exd4 11. cxd4 Re8 12. Nf1 d5 13. e5 Nd7 14. Ng3 Nb6 15. Nf5 Bf8 16. Ng5 f6 17. Nxh7 Ne7 18. Nxe7+ Bxe7 19. e6 Bd6 20. Qh5 Qe7 21. Ng5 g6 22. Qxg6+ Qg7 23. Nh7 Qxg6 24. Bxg6 Re7 25. f4 Rxh7 26. Bxh7+ Kxh7 27. f5 Kg7 28. Bd2 Re8 29. g4 Nc8 30. Rad1 Rh8 31. Re2 Ne7 32. Rf1 Rh4 33. Rg2 c5 34. Be3 c4 35. Bf4 Bxf4 36. Rxf4 Kf8 37. Rgf2 Rh3 38. R2f3 Rxf3 39. Rxf3 Kg7 40. h4 Bc6 41. Kf2 a5 42. Ke3 b4 43. Kf4 Ba4 44. g5 Bc2 45. Ke3 Nxf5+ 46. Rxf5 Bxf5 47. e7 Bd7 48. Kf4 fxg5+ 49. Kxg5 c3 50. h5 cxb2 51. h6+ Kh7 52. Kf6 b1Q 53. Kf7 Qf5# 0-1

[Event "San Francisco TNM Summer op"]
[Site "San Francisco"]
[Date "2014.06.17"]
[Round "4"]
[White "Nagle, Michael P"]
[Black "Frank, Robert"]
[Result "1-0"]
[WhiteElo "1402"]
[BlackElo "1341"]
[PlyCount "41"]
[EventDate "2014.05.27"]
[EventType "swiss"]
[EventRounds "8"]
[EventCountry "USA"]
[SourceTitle "EXT 2016"]
[Source "ChessBase"]
[SourceDate "2015.10.08"]
[SourceVersion "1"]
[SourceVersionDate "2015.10.08"]
[SourceQuality "1"]

1. e4 e5 2. Nf3 Nf6 3. Nxe5 d6 4. Nf3 Nxe4 5. Nc3 Nxc3 6. dxc3 Nc6 7. Be3 Bg4 8. Be2 Qf6 9. Bg5 Qe6 10. 0-0 h6 11. Bf4 g5 12. Re1 0-0-0 13. Bd3 Bxf3 14. Qxf3 Qd7 15. Bxg5 hxg5 16. Bf5 Bh6 17. Bxd7+ Rxd7 18. Qf6 Rh7 19. Re8+ Nd8 20. Rxd8+ Rxd8 21. Qf5+ 1-0